000 00548nam a2200181Ia 4500
008 100921s9999 xx 000 0 und d
082 _b6269
_a891.463 थ 90
100 _aगोर्ले शिवराज.
245 _aबुलंद.
260 _bअंजली प्रकाशन, मुंबई.
_c1990
300 _a230
_b---
365 _b84
520 _aललित-कादंबरी.
630 _aबुलंद.
650 _aललित-कादंबरी.
730 _aबुलंद.
942 _cBOOK
999 _c755382
_d755379